01709nam a2200469 i 45000010005000000030009000050050017000140080039000310150017000700200015000870350023001020350036001250350014001610350021001750350023001960350044002190400028002630410013002910460009003040800012003131000038003252450171003632460082005342500021006162600052006373000026006893360027007153370054007423380027007963800016008233800023008393880014008623880014008765000057008906500020009476580030009677000025009977000041010227000034010637100045010978560097011426612KOSZ 00520191011122854.0970510s1994 pl f |000 0 pol aPB 1994/5317 a832080955X a991000524529705066 a(PL-WaBN)b1018210x-48omnis_nlop ab1018210x a(OCoLC)749870332 a(PL)b0000001018210 a(EXLNZ-48OMNIS_NETWORK)9910290923205606 aWA NcWA NdKOSZ 005/EG1 apolheng k1992 a005.5741 aFisher, Rogerd(1922-2012)eAutor10aDochodząc do TAK :bnegocjowanie bez poddawania się /cRoger Fisher, William Ury, Bruce Patton ; przeł. [z ang.] i przedmową opatrzył Robert A[rtur] Rządca.1 iTyt. oryg.:aGetting to yes :bnegotiating agreement without giving in,f1981 aWyd. 2 rozszerz. aWarszawa :bPańst. Wydaw. Ekonomiczne,c1994. a255, [1] s. ;c20 cm. 2rdacontentaTekstbtxt 2rdamediaaBez urządzenia pośredniczącegobn 2rdacarrieraWoluminbn aKsiążki aPublikacje fachowe a1901-2000 a1989-2000 aWyd. poprz. pod hasłem : Fisher Roger, Ury William. 7aNegocjacje2DBN aZarządzanie i marketing1 aPatton, BruceeAutor1 aRządca, Robert ArtureTłumaczenie1 aUry, Williamd(1953- )eAutor2 aPaństwowe Wydawnictwo Ekonomiczne4pbl uhttp://koha.tu.koszalin.pl/cgi-bin/koha/opac-detail.pl?biblionumber=6612yKatalog online BPK